=LDR 00000nam 2200000 4500 =001 INLIS000000000029529 =005 20130612131745 =008 ***********************************Ind** =035 ##$$0010-061300000029529 =041 ##$$a Ind =082 ##$$a 813.085 =090 ##$$a 813.085, Ana d =100 ##$$a Anam, Anam Khoirul =245 ##$$a Dzikir-dzikir cinta, oleh Anam Khoirul Anam ; penyunting, Yusuf Anas =260 ##$$a 2008 $b Jogyakarta =300 ##$$a 392 hlm, 21 cm =650 ##$$a Fiksi Indonesia-Dewasa =850 ##$$a NBPNMAT =990 ##$$a 93190/BPAP-NTB/2014 =990 ##$$a 21195239/BPAP-NTB/2014 =990 ##$$a 21196516/BPAP-NTB/2014 =990 ##$$a 21400613/BPAP-NTB/20142014 =990 ##$$a 0001/BPAP-NTB/20142015 =990 ##$$a 0001/BPAP-NTB/2015